Capitales españolas con menos días de lluvia al año - Estadísticas

Estadísticas generales
  • Esta prueba ha sido intentada 237 veces
  • La puntuación promedio es 11 de 14
Estadísticas de respuestas
Días de lluvia/año Ciudad % Correcto
50 Sevilla
96%
51 Huelva
91%
25 Almería
90%
36 Murcia
90%
51 Cádiz
88%
46 Valencia
88%
37 Alicante
87%
52 Granada
86%
43 Málaga
85%
22 Las Palmas de Gran Canaria
78%
28 Santa Cruz de Tenerife
77%
45 Castellón de la Plana
75%
51 Zaragoza
47%
44 Melilla
43%
No se encontraron pruebas coincidentes
Distribución de puntuación
Porcentaje de gente con cada puntuación
Porcentaje por número respondido
Historial de tus puntuaciones
No has intentado esta prueba.